000 00386nam a2200097Ia 4500
008 220216s9999 xx 000 0 und d
100 _aRoberts A D
245 0 _aSurface treatments of rubber to reduce friction and wear
260 _bInternational Rubber Conference 1997. Rubber Science and Technology: Improving Quality of Life, Kuala Lumpur, Malaysia 6-9 Oct 1997; p561-568
942 _cJS
999 _c70018
_d70018